| 000 | 00345nam a22001337a 4500 | ||
|---|---|---|---|
| 999 |
_c7836 _d7836 |
||
| 003 | OSt | ||
| 005 | 20200526125034.0 | ||
| 008 | 200526b ||||| |||| 00| 0 eng d | ||
| 020 | _a9783791344065 | ||
| 082 | _a363.690 | ||
| 245 |
_aThe Aga Khan Historic Cities Programme _bstrategies for urban renewal |
||
| 260 |
_aNew York _bPrestel |
||
| 942 | _2ddc | ||